[Event "Tata Steel Top Tienkamp"]
[Site "Wijk aan Zee NED"]
[Date "2025.01.24"]
[Round "1.1"]
[White "Beukema, Stefan"]
[Black "Slagboom, Leandro"]
[Result "1/2-1/2"]
[WhiteTitle "IM"]
[BlackTitle "FM"]
[WhiteElo "2423"]
[BlackElo "2369"]
[WhiteFideId "1024523"]
[BlackFideId "1065882"]
[EventDate "2025.01.24"]

1. e4 e6 2. d4 d5 3. Nc3 Nf6 4. Bg5 dxe4 5. Nxe4 Bd7 6. c4 Be7 7. Nxf6+ Bxf6 8.
Bxf6 Qxf6 9. Qd2 c5 10. dxc5 Na6 11. Nf3 O-O-O 12. Be2 Bc6 13. Qc1 Nxc5 14. O-O
Nd3 15. Qe3 Nf4 16. Rfe1 g5 17. Bf1 Nh3+ 18. Kh1 h5 19. Qxa7 Bxf3 20. gxf3 Qxf3+
21. Bg2 Nxf2+ 22. Kg1 Nh3+ 23. Kh1 Nf2+ 24. Kg1 Nh3+ 25. Kh1 1/2-1/2

[Event "Tata Steel Top Tienkamp"]
[Site "Wijk aan Zee NED"]
[Date "2025.01.24"]
[Round "1.2"]
[White "Panesar, Vedant"]
[Black "Lohia, Sohum"]
[Result "1/2-1/2"]
[WhiteTitle "FM"]
[BlackTitle "FM"]
[WhiteElo "2446"]
[BlackElo "2367"]
[WhiteFideId "35033018"]
[BlackFideId "5819369"]
[EventDate "2025.01.24"]

1. e4 e5 2. Nf3 Nc6 3. Bb5 a6 4. Ba4 Nge7 5. c3 Ng6 6. d4 exd4 7. h4 d3 8. h5
Nge5 9. Nxe5 Nxe5 10. f4 b5 11. Bb3 Nc4 12. Qxd3 d5 13. Nd2 Bb7 14. e5 Qd7 15.
Bc2 O-O-O 16. Nf3 f6 17. b3 fxe5 18. fxe5 Nxe5 19. Nxe5 Re8 20. Qe2 Qe6 21. Bf4
Bd6 22. O-O Bxe5 23. Bxe5 Qxe5 24. Qxe5 Rxe5 25. Rae1 Rxe1 26. Rxe1 Kd7 27. Re3
g6 28. hxg6 hxg6 29. Bxg6 Kd6 30. Bf5 Bc8 31. Bxc8 Rxc8 32. Kf2 c5 33. Rg3 d4
34. Ke2 dxc3 35. Rxc3 Rg8 36. g3 c4 37. bxc4 bxc4 38. Rxc4 Rxg3 39. Ra4 Kc5 40.
Rxa6 Kb5 41. Ra8 Kb4 42. Kd2 Ra3 43. Rb8+ Kc4 44. Rb2 Ra4 45. Kc2 Rb4 46. Rxb4+
Kxb4 1/2-1/2

[Event "Tata Steel Top Tienkamp"]
[Site "Wijk aan Zee NED"]
[Date "2025.01.24"]
[Round "1.3"]
[White "Zwirs, Nico"]
[Black "Holzke, Frank"]
[Result "1/2-1/2"]
[WhiteTitle "IM"]
[BlackTitle "GM"]
[WhiteElo "2476"]
[BlackElo "2426"]
[WhiteFideId "1036432"]
[BlackFideId "4600428"]
[EventDate "2025.01.24"]

1. e4 e5 2. Nf3 Nf6 3. Nxe5 d6 4. Nf3 Nxe4 5. Nc3 Nxc3 6. dxc3 Be7 7. Be3 O-O 8.
Qd2 Nd7 9. O-O-O Nf6 10. Bd3 c5 11. Rhe1 Qa5 12. a3 Re8 13. Bg5 Be6 14. Qf4 h6
15. Bxf6 Bxf6 16. Qxd6 Rad8 17. Qf4 Bxc3 18. bxc3 Qxa3+ 19. Kd2 c4 20. Rxe6
Rxd3+ 21. cxd3 Qb2+ 22. Ke3 Rxe6+ 23. Ne5 f6 24. Qxc4 Qb6+ 25. Kf3 fxe5 26. Rb1
Qxb1 27. Qxe6+ Kh8 28. Qc8+ Kh7 29. Qf5+ Kh8 30. Qc8+ Kh7 31. Qf5+ Kh8 32. Qc8+ 1/2-1/2

[Event "Tata Steel Top Tienkamp"]
[Site "Wijk aan Zee NED"]
[Date "2025.01.24"]
[Round "1.4"]
[White "Sofronie, Iulian"]
[Black "Grutter, Tim"]
[Result "0-1"]
[WhiteTitle "IM"]
[BlackTitle "FM"]
[WhiteElo "2380"]
[BlackElo "2380"]
[WhiteFideId "1202936"]
[BlackFideId "1057472"]
[EventDate "2025.01.24"]

1. d4 Nf6 2. Nc3 d5 3. Bf4 c5 4. e3 cxd4 5. exd4 Bg4 6. f3 Bd7 7. Nb5 Bxb5 8.
Bxb5+ Nc6 9. c3 e6 10. Ne2 Bd6 11. Bxd6 Qxd6 12. Qd2 O-O 13. h4 a6 14. Bd3 b5
15. h5 Rab8 16. g4 e5 17. g5 Nd7 18. Qc2 g6 19. O-O-O exd4 20. hxg6 fxg6 21. Rh6
Nde5 22. Rdh1 Rxf3 23. Rxh7 Nxd3+ 24. Kb1 Rbf8 25. Rh8+ Kf7 26. R8h7+ Ke8 27.
Rd1 Nf2 28. Re1 d3 29. Nd4+ Ne4 30. Qg2 Nxd4 31. cxd4 Rf1 0-1

[Event "Tata Steel Top Tienkamp"]
[Site "Wijk aan Zee NED"]
[Date "2025.01.24"]
[Round "1.5"]
[White "Smeets, Kobe"]
[Black "Tudor, Henry Edward"]
[Result "1-0"]
[WhiteTitle "FM"]
[BlackTitle "FM"]
[WhiteElo "2355"]
[BlackElo "2375"]
[WhiteFideId "1063910"]
[BlackFideId "2409836"]
[EventDate "2025.01.24"]

1. e4 c5 2. Nf3 d6 3. d4 cxd4 4. Nxd4 Nf6 5. Nc3 a6 6. h3 Nc6 7. f4 g6 8. Be3
Bg7 9. Qf3 Nxd4 10. Bxd4 b5 11. O-O-O Bb7 12. h4 h5 13. Nd5 Bxd5 14. exd5 O-O
15. Bxf6 Bxf6 16. c3 Qa5 17. Kb1 Rfc8 18. f5 gxf5 19. Rh3 Qa4 20. Bd3 Kf8 21.
Bxf5 b4 22. Bxc8 bxc3 23. Rc1 Qb5 24. Rxc3 Bxc3 25. Qxc3 Qf1+ 26. Kc2 Qxg2+ 27.
Kb3 Qxd5+ 28. Ka3 f6 29. Qc7 Qe5 30. Rc3 Kf7 31. Qd8 Qd5 32. Qc7 Qe5 33. Qb7
Qa5+ 34. Kb3 Qb5+ 35. Kc2 Rb8 36. Be6+ Kg6 37. Qe4+ Kg7 38. Bb3 Qe5 39. Qxe5
fxe5 40. Rg3+ Kh6 41. Bc4 Rc8 42. Kb3 Rc6 43. Bd5 Rc1 44. Be4 Re1 45. Bf5 Rf1
46. Rg6+ Kh7 47. Bd3 Rf4 48. Rg4+ Kh6 49. Rxf4 exf4 50. Bxa6 d5 51. Bb5 e5 52.
a4 f3 53. a5 e4 54. a6 e3 55. Kc2 1-0

[Event "Tata Steel Top Tienkamp"]
[Site "Wijk aan Zee NED"]
[Date "2025.01.25"]
[Round "2.1"]
[White "Lohia, Sohum"]
[Black "Zwirs, Nico"]
[Result "1-0"]
[WhiteTitle "FM"]
[BlackTitle "IM"]
[WhiteElo "2367"]
[BlackElo "2476"]
[WhiteFideId "5819369"]
[BlackFideId "1036432"]
[EventDate "2025.01.24"]

1. e4 c5 2. Nf3 d6 3. d4 cxd4 4. Nxd4 Nf6 5. Nc3 a6 6. Be2 e5 7. Nb3 Be7 8. Bg5
Nbd7 9. a4 b6 10. Bc4 O-O 11. O-O Bb7 12. Qe2 Qc7 13. Rfd1 Rfc8 14. Nd2 h6 15.
Bxf6 Nxf6 16. Bb3 Bc6 17. Nf1 Bf8 18. f3 b5 19. axb5 axb5 20. Rxa8 Rxa8 21. Ne3
Ra5 22. Ncd5 Nxd5 23. Nxd5 Bxd5 24. Bxd5 Be7 25. b4 Ra4 26. Qxb5 Qa7+ 27. Kf1
Ra1 28. Rxa1 Qxa1+ 29. Ke2 Qa7 30. Qe8+ Bf8 31. b5 Qc7 32. Qxf7+ Qxf7 33. b6 1-0

[Event "Tata Steel Top Tienkamp"]
[Site "Wijk aan Zee NED"]
[Date "2025.01.25"]
[Round "2.2"]
[White "Holzke, Frank"]
[Black "Sofronie, Iulian"]
[Result "1/2-1/2"]
[WhiteTitle "GM"]
[BlackTitle "IM"]
[WhiteElo "2426"]
[BlackElo "2380"]
[WhiteFideId "4600428"]
[BlackFideId "1202936"]
[EventDate "2025.01.24"]

1. e4 e5 2. Nf3 Nc6 3. Bb5 a6 4. Ba4 Nf6 5. O-O b5 6. Bb3 Bc5 7. a4 Rb8 8. c3 d6
9. d4 Bb6 10. axb5 axb5 11. h3 O-O 12. Re1 Qe8 13. Bg5 Kh8 14. Na3 Na5 15. Ba2
Ng8 16. Qd3 b4 17. Nc4 Nxc4 18. Bxc4 f6 19. Be3 Qh5 20. Nd2 Qg6 21. Kh2 Ne7 22.
f3 bxc3 23. bxc3 d5 24. Ba6 dxe4 25. fxe4 Bxa6 26. Rxa6 Nd5 27. Qc4 Nxe3 28.
Rxe3 Qh6 29. Re2 exd4 30. cxd4 Rfd8 31. d5 Re8 32. g3 Qh5 33. Kg2 h6 34. Qd3
Rbd8 35. Nf3 Bc5 36. Rc2 Bd6 37. Nh4 Ra8 38. Rca2 Rxa6 39. Rxa6 Bxg3 40. Nf5 Be5
41. Qf3 Qxf3+ 42. Kxf3 Rb8 43. Ra3 Kh7 44. Ne3 Rb2 45. Nc4 Rh2 46. Kg4 Rf2 47.
Nxe5 fxe5 48. Ra7 Rf4+ 49. Kg3 Rxe4 50. Rxc7 Rd4 51. Rd7 Kg6 52. Kf3 Kf6 53. Rd8
Rd3+ 54. Ke4 Rd4+ 55. Kf3 Kg5 56. d6 Kh4 57. Rg8 g5 58. Rg6 h5 59. Rh6 Rf4+ 60.
Kg2 g4 61. hxg4 Rxg4+ 62. Kf3 Rd4 63. Re6 Rf4+ 64. Ke3 Rd4 65. Kf3 1/2-1/2

[Event "Tata Steel Top Tienkamp"]
[Site "Wijk aan Zee NED"]
[Date "2025.01.25"]
[Round "2.3"]
[White "Slagboom, Leandro"]
[Black "Tudor, Henry Edward"]
[Result "0-1"]
[WhiteTitle "FM"]
[BlackTitle "FM"]
[WhiteElo "2369"]
[BlackElo "2375"]
[WhiteFideId "1065882"]
[BlackFideId "2409836"]
[EventDate "2025.01.24"]

1. e4 c5 2. Nf3 d6 3. d4 cxd4 4. Nxd4 Nf6 5. Nc3 a6 6. Be2 e5 7. Nb3 Be6 8. f4
Be7 9. f5 Bd7 10. Bg5 Bc6 11. Bxf6 Bxf6 12. Qd3 Bg5 13. Nd2 Nd7 14. Qxd6 Be7 15.
Qd3 Bg5 16. O-O-O Nc5 17. Qf3 O-O 18. h4 Bh6 19. g4 Bf4 20. Bc4 Qa5 21. a3 b5
22. Bd5 b4 23. Ne2 Bxd5 24. Nxf4 bxa3 25. Qxa3 Qxa3 26. bxa3 Bxe4 27. Nxe4 Nxe4
28. Rhe1 Nf2 29. Rd2 Nxg4 30. Rg2 Nf6 31. Rxe5 Rfe8 32. Rge2 Kf8 33. c3 Rec8 34.
Rc2 Rc4 35. Ng2 Rac8 36. Kb2 Rb8+ 37. Kc1 Rb3 38. Ra5 Rbxc3 39. Ne3 Rxc2+ 40.
Nxc2 Rxh4 41. Rxa6 h5 42. Ra8+ Ne8 43. Rb8 Rf4 44. Ne3 h4 45. Kd2 Rf2+ 46. Ke1
Ra2 47. Rb3 Ke7 48. Ng4 f6 49. Rh3 Nd6 50. Rxh4 Rxa3 51. Rh5 Rf3 52. Ke2 Rxf5
53. Rh7 Kf8 54. Ke3 Kg8 55. Rh1 Kf7 56. Rc1 Rb5 57. Rc7+ Ke6 58. Kf3 Rb3+ 59.
Kg2 Nf5 60. Ra7 Rg3+ 0-1

[Event "Tata Steel Top Tienkamp"]
[Site "Wijk aan Zee NED"]
[Date "2025.01.25"]
[Round "2.4"]
[White "Beukema, Stefan"]
[Black "Panesar, Vedant"]
[Result "0-1"]
[WhiteTitle "IM"]
[BlackTitle "FM"]
[WhiteElo "2423"]
[BlackElo "2446"]
[WhiteFideId "1024523"]
[BlackFideId "35033018"]
[EventDate "2025.01.24"]

1. c4 e5 2. g3 d6 3. Bg2 f5 4. Nc3 Nf6 5. d3 Be7 6. b4 O-O 7. Nf3 Qe8 8. O-O a6
9. e3 h6 10. Ne1 c6 11. a4 Be6 12. f4 Nbd7 13. Nf3 Bd8 14. a5 Bc7 15. fxe5 dxe5
16. Nh4 e4 17. Nxf5 exd3 18. c5 Ne5 19. e4 Qd7 20. Kh1 Nc4 21. Bf4 Bxf4 22. Rxf4
Rad8 23. Na4 Nxe4 24. Nxh6+ gxh6 25. Rxe4 Bd5 26. Qg4+ Qxg4 27. Rxg4+ Kh8 28.
Bxd5 cxd5 29. Rd4 d2 30. Nb6 Rde8 31. Rg1 Rf2 32. Nxd5 Ree2 33. Rh4 Re1 34. Nc3
Ne5 0-1

[Event "Tata Steel Top Tienkamp"]
[Site "Wijk aan Zee NED"]
[Date "2025.01.25"]
[Round "2.5"]
[White "Grutter, Tim"]
[Black "Smeets, Kobe"]
[Result "1/2-1/2"]
[WhiteTitle "FM"]
[BlackTitle "FM"]
[WhiteElo "2380"]
[BlackElo "2355"]
[WhiteFideId "1057472"]
[BlackFideId "1063910"]
[EventDate "2025.01.24"]

1. Nf3 d5 2. g3 g6 3. Bg2 Bg7 4. O-O e5 5. d3 Ne7 6. e4 O-O 7. exd5 Nxd5 8. Re1
Nc6 9. Bg5 Qd7 10. Qc1 Re8 11. c3 b6 12. Na3 Ba6 13. Rd1 Bb7 14. Nc4 f5 15. Bh6
Bf6 16. Bg5 Bg7 17. Bh6 Bh8 18. Qc2 Nd8 19. Ng5 Nf7 20. Nxf7 Qxf7 21. Qb3 Rad8
22. a4 Bf6 23. a5 g5 24. axb6 axb6 25. Ra7 Bc6 26. h4 gxh4 27. Nxb6 hxg3 28.
Nxd5 gxf2+ 29. Kxf2 Bh4+ 30. Kf1 Bxd5 31. Bxd5 Rxd5 32. Rxc7 Qxc7 33. Qxd5+ Kh8
34. Qc4 Qxc4 35. dxc4 Re6 36. Bf8 e4 37. Rd6 Re8 38. Bh6 f4 39. Ke2 Bg3 40. Rf6
f3+ 41. Ke3 Bh2 42. Kf2 Rg8 43. Ke3 Re8 44. Kf2 Rg8 45. Ke3 1/2-1/2

[Event "Tata Steel Top Tienkamp"]
[Site "Wijk aan Zee NED"]
[Date "2025.01.26"]
[Round "3.1"]
[White "Smeets, Kobe"]
[Black "Holzke, Frank"]
[Result "1/2-1/2"]
[WhiteTitle "FM"]
[BlackTitle "GM"]
[WhiteElo "2355"]
[BlackElo "2426"]
[WhiteFideId "1063910"]
[BlackFideId "4600428"]
[EventDate "2025.01.24"]

1. e4 e5 2. Nf3 Nc6 3. Bb5 Nf6 4. d3 Bc5 5. Bxc6 dxc6 6. O-O Qe7 7. Nbd2 a5 8.
Nc4 Nd7 9. Bd2 a4 10. Qe1 O-O 11. b4 Ba7 12. Ne3 Rd8 13. Nf5 Qe8 14. c4 Nf8 15.
Bc3 f6 16. Rd1 Be6 17. Qe2 Ng6 18. g3 Qf7 19. Ne3 Bh3 20. Rfe1 Bxe3 21. Qxe3 Bg4
22. Rd2 Rd7 23. Rc1 Rad8 24. Ne1 b6 25. f4 exf4 26. gxf4 f5 27. e5 Nf8 28. Ng2
c5 29. bxc5 bxc5 30. Rb1 Ne6 31. h3 Bh5 32. Rb5 g5 33. Kh2 h6 34. Ra5 Kh7 35.
Rxa4 gxf4 36. Nxf4 Nxf4 37. Qxf4 Rxd3 38. Ra6 Bg6 39. Rxd3 Rxd3 40. e6 Qe7 41.
Rc6 Rd6 42. Qe5 Be8 43. Qxf5+ Kg8 44. Qe5 Qh7 45. Rxd6 cxd6 46. Qg3+ Qg6 47.
Qxd6 Qf5 48. Qg3+ Bg6 49. Qb8+ Qf8 50. Qg3 Qf5 51. Qb8+ Qf8 52. Be5 Be8 53. Bf4
Kh7 54. Qc7+ Kg6 55. Qd6 Qf5 56. Kg3 Qe4 57. e7+ Kf7 58. Qxc5 Qg6+ 59. Kf2 Qc2+
60. Kg3 Qg6+ 61. Kf2 Qc2+ 62. Kg1 Qg6+ 63. Kf1 Qb1+ 64. Ke2 Qxa2+ 65. Bd2 Qc2
66. Ke3 Qb3+ 67. Kf4 Qxh3 68. Qd5+ Qe6 69. Qxe6+ Kxe6 70. Bb4 Kd7 71. Ke5 h5 72.
Kf6 h4 73. Be1 h3 74. Bg3 Kc6 75. Kg7 Kc5 76. Kf8 Bc6 77. e8=Q Bxe8 78. Kxe8 h2
79. Bxh2 Kxc4 1/2-1/2

[Event "Tata Steel Top Tienkamp"]
[Site "Wijk aan Zee NED"]
[Date "2025.01.26"]
[Round "3.2"]
[White "Tudor, Henry Edward"]
[Black "Grutter, Tim"]
[Result "0-1"]
[WhiteTitle "FM"]
[BlackTitle "FM"]
[WhiteElo "2375"]
[BlackElo "2380"]
[WhiteFideId "2409836"]
[BlackFideId "1057472"]
[EventDate "2025.01.24"]

1. d4 Nf6 2. Nc3 d5 3. Bf4 c5 4. e4 cxd4 5. Qxd4 Nc6 6. Bb5 Bd7 7. Bxc6 Bxc6 8.
e5 Nd7 9. e6 fxe6 10. Nf3 Qb6 11. Qd2 d4 12. Qxd4 Bxf3 13. Qxb6 axb6 14. gxf3 g6
15. Ne4 Bg7 16. c3 O-O 17. O-O-O Nc5 18. Be3 Rxa2 19. Kb1 Ra5 20. Bxc5 bxc5 21.
Rd7 Rxf3 22. Rxe7 c4 23. Re8+ Rf8 24. Rxe6 Re5 25. Rxe5 Bxe5 26. h3 Rf3 27. Kc2
b5 28. Rd1 Rxh3 29. Rd5 Rh5 30. Rxb5 Rf5 31. Kd1 h5 32. Ke2 h4 33. f4 Bxf4 34.
Rxf5 gxf5 35. Nf6+ Kf7 36. Nd5 Bb8 37. Kf3 h3 38. Ne3 h2 39. Kg2 f4 40. Nxc4 f3+
41. Kh1 Bf4 42. Nd2 Bxd2 43. Kxh2 Bf4+ 44. Kg1 Be3+ 45. Kf1 Ke6 46. c4 Ke5 47.
b4 Kd4 48. c5 Ke4 49. Ke1 Kf4 50. Kf1 Kg3 51. c6 Bb6 52. b5 Kf4 53. Ke1 Kg4 54.
Kf1 Kg3 0-1

[Event "Tata Steel Top Tienkamp"]
[Site "Wijk aan Zee NED"]
[Date "2025.01.26"]
[Round "3.3"]
[White "Sofronie, Iulian"]
[Black "Lohia, Sohum"]
[Result "1-0"]
[WhiteTitle "IM"]
[BlackTitle "FM"]
[WhiteElo "2380"]
[BlackElo "2367"]
[WhiteFideId "1202936"]
[BlackFideId "5819369"]
[EventDate "2025.01.24"]

1. d4 d5 2. Bf4 c5 3. e3 cxd4 4. exd4 Nc6 5. c3 Bf5 6. Nd2 e6 7. Ngf3 Bd6 8.
Bxd6 Qxd6 9. Bb5 h6 10. O-O Ne7 11. Re1 a6 12. Bf1 O-O 13. a4 Qc7 14. Nb3 b6 15.
Nc1 Na5 16. Ne5 Nac6 17. Bd3 Nxe5 18. Rxe5 Ng6 19. Re3 Rfe8 20. g3 Ne7 21. g4
Bxd3 22. Nxd3 Ng6 23. Qf3 Re7 24. Rae1 Rae8 25. g5 hxg5 26. Qh5 Nf4 27. Qxg5
Nxd3 28. Rxd3 e5 29. Rg3 f6 30. Qxf6 exd4 31. Rxe7 Qxe7 32. Qxd4 Qe1+ 33. Kg2
Qe4+ 34. Qxe4 Rxe4 35. Rg6 Rxa4 36. Rxb6 Ra1 37. Kf3 Kf7 38. h4 a5 39. Kf4 a4
40. Ke5 a3 41. bxa3 Rxa3 42. Rc6 Ra2 43. Kxd5 Rxf2 44. Rc4 Rf3 45. Kc5 Ke6 46.
Kb4 Rg3 47. Rd4 Ke5 48. h5 Rh3 49. Rc4 Kd6 50. Rc5 Rg3 51. Kb5 Kd7 52. Kb6 Rg4
53. c4 Rh4 54. Rc7+ Kd8 55. c5 Rxh5 56. Rxg7 Rh1 57. Rg8+ Ke7 58. c6 Rb1+ 59.
Kc7 Rc1 60. Rg2 Rc3 61. Re2+ Kf7 62. Kd7 Rd3+ 63. Kc8 Rb3 64. c7 Rb1 65. Re4 Rb4
66. Rxb4 1-0

[Event "Tata Steel Top Tienkamp"]
[Site "Wijk aan Zee NED"]
[Date "2025.01.26"]
[Round "3.4"]
[White "Zwirs, Nico"]
[Black "Beukema, Stefan"]
[Result "1-0"]
[WhiteTitle "IM"]
[BlackTitle "IM"]
[WhiteElo "2476"]
[BlackElo "2423"]
[WhiteFideId "1036432"]
[BlackFideId "1024523"]
[EventDate "2025.01.24"]

1. c4 c6 2. e4 d5 3. exd5 cxd5 4. d4 Nf6 5. Nc3 e6 6. Nf3 Be7 7. cxd5 Nxd5 8.
Bd3 Nc6 9. O-O O-O 10. Re1 Bf6 11. Be4 Nce7 12. Qd3 h6 13. Ne5 Nxc3 14. Qxc3 Nf5
15. Be3 Re8 16. Rad1 Re7 17. Bf4 Rc7 18. Qb3 Bg5 19. Bxg5 Qxg5 20. d5 Nd6 21.
Bb1 b6 22. Qa3 Rc5 23. Nf3 Qf4 24. Rd4 Qf6 25. dxe6 Nb5 26. e7 Bf5 27. e8=Q+
Rxe8 28. Rxe8+ Kh7 29. Bxf5+ Qxf5 30. Qd3 Nxd4 31. Qxd4 Rc8 32. Re1 g6 33. h3
Rc2 34. Re8 h5 35. Rh8# 1-0

[Event "Tata Steel Top Tienkamp"]
[Site "Wijk aan Zee NED"]
[Date "2025.01.26"]
[Round "3.5"]
[White "Panesar, Vedant"]
[Black "Slagboom, Leandro"]
[Result "1/2-1/2"]
[WhiteTitle "FM"]
[BlackTitle "FM"]
[WhiteElo "2446"]
[BlackElo "2369"]
[WhiteFideId "35033018"]
[BlackFideId "1065882"]
[EventDate "2025.01.24"]

1. e4 e6 2. d4 d5 3. e5 c5 4. c3 Nc6 5. Nf3 Bd7 6. Be2 f6 7. O-O fxe5 8. Nxe5
cxd4 9. cxd4 Bd6 10. Nxc6 bxc6 11. Nd2 Nf6 12. Nf3 O-O 13. Bg5 c5 14. dxc5 Bxc5
15. Bd3 Qb6 16. Qe2 Rac8 17. Rac1 a5 18. Ne5 Be8 19. Be3 Bh5 20. Bxc5 Rxc5 21.
Qe3 Rfc8 22. h3 Qd6 23. Rxc5 Qxc5 24. Qxc5 Rxc5 25. Re1 h6 26. f3 Kf8 27. Kf2
Ke7 28. Ke3 Kd6 29. Kd2 Be8 30. b3 Rc8 31. h4 Nh5 32. Ba6 1/2-1/2

[Event "Tata Steel Top Tienkamp"]
[Site "Wijk aan Zee NED"]
[Date "2025.01.27"]
[Round "4.1"]
[White "Slagboom, Leandro"]
[Black "Grutter, Tim"]
[Result "1-0"]
[WhiteTitle "FM"]
[BlackTitle "FM"]
[WhiteElo "2369"]
[BlackElo "2380"]
[WhiteFideId "1065882"]
[BlackFideId "1057472"]
[EventDate "2025.01.24"]

1. e4 e5 2. Nf3 Nc6 3. Bc4 Nf6 4. Ng5 d5 5. exd5 Na5 6. Bb5+ Bd7 7. Qe2 Bd6 8.
O-O h6 9. Nf3 O-O 10. Bxd7 Qxd7 11. Nc3 c6 12. Nxe5 Bxe5 13. Qxe5 cxd5 14. d4
Rfe8 15. Qg3 Kh8 16. h3 Nc6 17. Be3 Rac8 18. a3 Qf5 19. Rac1 Na5 20. Rce1 Qxc2
21. Qf3 Qxb2 22. Nxd5 Nxd5 23. Qxd5 Nc6 24. Rb1 Qxa3 25. Rxb7 Nd8 26. Rd7 Qa4
27. Rb1 Rf8 28. Qd6 Ne6 29. Rbb7 Qc4 30. d5 Nd4 31. Rxf7 Rxf7 32. Rxf7 Ne2+ 33.
Kh2 Qh4 34. Qe5 Rg8 35. Bxa7 Qc4 36. Be3 Qh4 37. g3 Qb4 38. Bxh6 Qc3 39. Bxg7+ 1-0

[Event "Tata Steel Top Tienkamp"]
[Site "Wijk aan Zee NED"]
[Date "2025.01.27"]
[Round "4.2"]
[White "Panesar, Vedant"]
[Black "Zwirs, Nico"]
[Result "1/2-1/2"]
[WhiteTitle "FM"]
[BlackTitle "IM"]
[WhiteElo "2446"]
[BlackElo "2476"]
[WhiteFideId "35033018"]
[BlackFideId "1036432"]
[EventDate "2025.01.24"]

1. e4 c5 2. Nf3 d6 3. d4 cxd4 4. Nxd4 Nf6 5. Nc3 a6 6. Qd3 e6 7. g4 Nxg4 8. Rg1
Nf6 9. Bg5 Nbd7 10. O-O-O b5 11. a3 Bb7 12. f4 Rc8 13. Bg2 Qb6 14. Kb1 Be7 15.
Bxf6 gxf6 16. Bf3 h5 17. Rg7 Rc4 18. Nb3 Bf8 19. Rg2 h4 20. Rgd2 Rc7 21. Bg4 Kd8
22. Qh3 Kc8 23. f5 e5 24. Nd5 Bxd5 25. Rxd5 Kb8 26. Qf3 Qc6 27. Qf2 Be7 28. c3
Qb6 29. Qe2 Nc5 30. Nc1 Na4 31. Na2 Qb7 32. Ka1 Nb6 33. R5d2 Rc4 34. Bf3 Rg8 35.
Nb4 Rc5 36. Qe1 h3 37. Qf1 Rh8 38. Bg4 Rhc8 39. Qxh3 a5 40. Nd5 Nxd5 41. Rxd5 b4
42. cxb4 axb4 43. Qb3 bxa3 44. Qxb7+ Kxb7 45. bxa3 Rxd5 46. Rxd5 Rc3 47. Kb2 Re3
48. Rd2 d5 49. Rxd5 Bxa3+ 50. Kc2 1/2-1/2

[Event "Tata Steel Top Tienkamp"]
[Site "Wijk aan Zee NED"]
[Date "2025.01.27"]
[Round "4.3"]
[White "Holzke, Frank"]
[Black "Tudor, Henry Edward"]
[Result "0-1"]
[WhiteTitle "GM"]
[BlackTitle "FM"]
[WhiteElo "2426"]
[BlackElo "2375"]
[WhiteFideId "4600428"]
[BlackFideId "2409836"]
[EventDate "2025.01.24"]

1. e4 c5 2. Nf3 d6 3. c3 Nf6 4. h3 Nc6 5. Bd3 d5 6. e5 Nd7 7. Qe2 e6 8. O-O g5
9. Bc2 h5 10. g4 hxg4 11. hxg4 Qc7 12. d4 cxd4 13. cxd4 Rh4 14. Nc3 Rxg4+ 15.
Kh1 f5 16. Be3 Nb6 17. Nh2 Rh4 18. f3 Qh7 19. Rad1 a6 20. Rg1 Be7 21. b4 Nc4 22.
Bxg5 Bxg5 23. Rxg5 Nxd4 24. Rxd4 Rxd4 25. Qg2 Rd2 26. Ne2 Rxe2 0-1

[Event "Tata Steel Top Tienkamp"]
[Site "Wijk aan Zee NED"]
[Date "2025.01.27"]
[Round "4.4"]
[White "Lohia, Sohum"]
[Black "Smeets, Kobe"]
[Result "0-1"]
[WhiteTitle "FM"]
[BlackTitle "FM"]
[WhiteElo "2367"]
[BlackElo "2355"]
[WhiteFideId "5819369"]
[BlackFideId "1063910"]
[EventDate "2025.01.24"]

1. d4 d5 2. Nf3 Nf6 3. c4 c6 4. g3 Bf5 5. Nc3 e6 6. Nh4 dxc4 7. Nxf5 exf5 8. e3
Bd6 9. Bxc4 O-O 10. O-O Nbd7 11. b3 Nb6 12. Be2 Qd7 13. Bf3 Rad8 14. Bb2 Rfe8
15. Qc2 h5 16. a4 a5 17. Rad1 Bb8 18. Rfe1 h4 19. Bg2 g6 20. d5 cxd5 21. Nb5 Ne4
22. Bd4 Re6 23. f3 Rc6 24. Qb2 Nc5 25. Bh8 Ne6 26. Nd4 hxg3 27. Nxc6 gxh2+ 28.
Kh1 bxc6 29. Be5 Qb7 30. Bxb8 Qxb8 31. Qc3 d4 32. Qxc6 Nd5 33. exd4 Qxb3 34. Rb1
Qa2 35. Ra1 Qf2 36. Rxe6 Nf4 37. Re8+ Kg7 38. Bh3 Rxe8 39. Qxe8 Qxf3+ 40. Kxh2
Qxh3+ 41. Kg1 Qg2# 0-1

[Event "Tata Steel Top Tienkamp"]
[Site "Wijk aan Zee NED"]
[Date "2025.01.27"]
[Round "4.5"]
[White "Beukema, Stefan"]
[Black "Sofronie, Iulian"]
[Result "1-0"]
[WhiteTitle "IM"]
[BlackTitle "IM"]
[WhiteElo "2423"]
[BlackElo "2380"]
[WhiteFideId "1024523"]
[BlackFideId "1202936"]
[EventDate "2025.01.24"]

1. c4 e5 2. g3 Nc6 3. Bg2 Bc5 4. Nc3 a6 5. e3 d6 6. Nf3 Ba7 7. O-O Nge7 8. d4
Ng6 9. dxe5 Ngxe5 10. Nxe5 Nxe5 11. f4 Ng4 12. h3 Nf6 13. g4 Rb8 14. a4 O-O 15.
f5 Re8 16. g5 Nd7 17. f6 g6 18. Qe1 Re5 19. Qh4 h5 20. Nd5 c6 21. Ne7+ Rxe7 22.
fxe7 Qxe7 23. Kh1 Ne5 24. b4 Be6 25. c5 Re8 26. Bb2 Bb8 27. Bxe5 dxe5 28. Be4 a5
29. Rad1 axb4 30. Rf6 Kg7 31. Rdf1 Rh8 32. Kg1 Bc7 33. Bd3 b3 34. Rxe6 fxe6 35.
Rf6 Bd8 36. Qe4 Qe8 37. Rxg6+ Kf8 1-0

[Event "Tata Steel Top Tienkamp"]
[Site "Wijk aan Zee NED"]
[Date "2025.01.28"]
[Round "5.2"]
[White "Tudor, Henry Edward"]
[Black "Lohia, Sohum"]
[Result "1/2-1/2"]
[WhiteTitle "FM"]
[BlackTitle "FM"]
[WhiteElo "2375"]
[BlackElo "2367"]
[WhiteFideId "2409836"]
[BlackFideId "5819369"]
[EventDate "2025.01.24"]

1. d4 Nf6 2. c4 e6 3. Nf3 d5 4. g3 Be7 5. Bg2 O-O 6. O-O dxc4 7. Qc2 a6 8. a4
Bd7 9. Qxc4 Bc6 10. Bg5 Bd5 11. Qc2 Be4 12. Qc1 h6 13. Bxf6 Bxf6 14. Nbd2 Bxf3
15. Nxf3 a5 16. e3 c6 17. Qc4 Na6 18. h4 h5 19. Rfd1 g6 20. Rac1 Nb4 21. e4 Bg7
22. Ng5 Bh6 23. f4 Bxg5 24. hxg5 Kg7 25. Qc5 f6 26. d5 exd5 27. exd5 b6 28.
gxf6+ Rxf6 29. Qc4 Rd6 30. Qc3+ Kh6 31. Qe5 cxd5 32. g4 Ra7 33. gxh5 Qf6 34.
hxg6 Qxe5 35. fxe5 Rxg6 36. Rc3 Re7 37. Rh3+ Kg7 38. Rh5 Nc2 39. Rd2 Ne3 40. Kh1
Nxg2 41. Rxg2 Rxg2 42. Kxg2 Kg6 43. Rh8 Kf5 44. Kf3 Kxe5 45. Ke3 Kd6+ 46. Kd3
Kc5 47. Rc8+ Kb4 48. Rc6 Rb7 49. Rd6 Kxa4 50. Kc2 Rc7+ 51. Kb1 Rc5 52. Rxb6 Rb5
53. Rh6 Kb3 54. Rh3+ Kc4 55. Kc2 a4 56. Ra3 Rb4 57. Rxa4 Rxa4 58. b3+ Kb4 59.
bxa4 Kxa4 60. Kc3 Kb5 61. Kd4 Kc6 62. Kd3 Kc5 63. Kc3 d4+ 64. Kd3 Kd5 65. Kd2
Ke4 66. Ke2 d3+ 67. Kd2 Kd4 68. Kd1 Ke3 69. Ke1 d2+ 70. Kd1 Kd3 1/2-1/2